<An> Empirical analysis of post-contractual behaviour in public works contracts: The Czech case as a secondrary comparison with the Slovak Republic

Analýza postkontraktačného správania sa verejných zadávateľov na príklade Českej republiky a v porovnaní so Slovenkom.

Salvato in:
Dettagli Bibliografici
Autore principale: Schmidt, Martin
Altri autori: Ochrana, František, Plaček, Michal, Půček, Michal
Natura: Capitolo di libro
Lingua:inglese
Soggetti:
Tags: Aggiungi Tag
Nessun Tag, puoi essere il primo ad aggiungerne!!

MARC

LEADER 00000naa a2200000 4500
001 0223793
005 20221019173446.7
041 0 |a eng 
044 |a SK 
245 1 0 |a <An> Empirical analysis of post-contractual behaviour in public works contracts: The Czech case as a secondrary comparison with the Slovak Republic  |c Martin Schmidt, František Ochrana, Michal Plaček, Michal Půček 
520 |a Analýza postkontraktačného správania sa verejných zadávateľov na príklade Českej republiky a v porovnaní so Slovenkom. 
610 2 0 |a Slovensko 
610 2 0 |a Česko 
610 2 0 |a analýza komparatívna 
610 2 0 |a obstarávanie verejné 
610 2 0 |a sektor verejný 
610 2 0 |a financie verejné 
100 1 |a Schmidt, Martin 
700 1 |a Ochrana, František 
700 1 |a Plaček, Michal 
700 1 |a Půček, Michal